Full dollarization <the> pros and cons
Na minha lista:
| Autor principal: | |
|---|---|
| Outros Autores: | |
| Formato: | Livro |
| Idioma: | inglês |
| Publicado em: |
Washington
International Monetary Fund
2000
|
| Colecção: | Economic issues
24 |
| Assuntos: | |
| Tags: |
Sem tags, seja o primeiro a adicionar uma tag!
|
MARC
| LEADER | 00000nam a2200000 4500 | ||
|---|---|---|---|
| 001 | c124338 | ||
| 005 | 20221221082445.9 | ||
| 020 | |a 1-55775-993-6 | ||
| 022 | |a 1020-5098 | ||
| 041 | 0 | |a eng | |
| 044 | |a US | ||
| 245 | 1 | 0 | |a Full dollarization |b <the> pros and cons |c Andrew Berg, Eduardo Borensztein |
| 264 | 1 | |a Washington |b International Monetary Fund |c 2000 | |
| 300 | |a 19 s. | ||
| 490 | 1 | |a Economic issues |v 24 | |
| 830 | 0 | |a Economic issues |v 24 | |
| 610 | 2 | 0 | |a mena |
| 610 | 2 | 0 | |a dolár |
| 610 | 2 | 0 | |a politika menová |
| 610 | 2 | 0 | |a politika peňažná |
| 610 | 2 | 0 | |a kurz výmenný |
| 610 | 2 | 0 | |a devalvácia |
| 610 | 2 | 0 | |a riziko kurzové |
| 610 | 2 | 0 | |a Medzinárodný menový fond |
| 100 | 1 | |a Berg, Andrew | |
| 700 | 1 | |a Borensztein, Eduardo | |